000 00242nam a22001217a 4500
008 171018b xxu||||| |||| 00| 0 eng d
041 _aeng
080 _a338
100 _a53
101 _aMAN
245 _aMNGMT
_cCHUCK.W
942 _2udc
_cBK
999 _c34623
_d34623